Zážitkové učenie prostredníctvom improvizácie na hodinách vlastivedy

Bibliographic Details
Main Author: Gubricová, Janette, 1974- (Author)
Format: Article
Language:Slovak
PhysicalDescription:Fotogr.
Subjects:

MARC

LEADER 00000nab a2200000 a 4500
001 vtls008935581
003 SK-MaSNL
005 20260304144735.0
008 250505c20062007xo mr|p|||an |000 b|slo
015 |a SNBRB2006/11 
035 |a (uuid)f33b1c60-a1d3-46cd-b0f8-34e2de6fe674 
035 |a urn:nbn:sk:snk-ab2gqk 
035 |a (urnnbn)urn:nbn:sk:snk:ar-a02ej6 
038 |a SPK 
040 |a SNKBUCL  |b slo  |c SNKBUCL  |e AACR2 
041 0 |a slo  |b slo 
044 |a xo  |c SK 
072 7 |a 371  |x Školstvo (organizácia)  |2 konspekt 
080 |a 372.48  |2 1997 
080 |a 371.31  |2 1997 
100 1 |a Gubricová, Janette,  |d 1974-  |4 aut  |9 233418 
245 1 0 |a Zážitkové učenie prostredníctvom improvizácie na hodinách vlastivedy  |c Janette Gubricová 
300 |b Fotogr. 
504 |a Bibliogr. odkazy 
546 |a Res. slov. 
650 0 7 |a vlastiveda  |2 spk  |9 3887 
650 0 7 |a zážitkové učenie  |2 spk  |9 75458 
773 0 |t Naša škola  |g Roč. 10., č. 4 (2006/2007), s. 6-11 
850 |a Slovenská národná knižnica 
852 |a Slovenská národná knižnica 
954 |a odborná, vedecká literatúra pôvodná (slovenská)  |2 lita 
958 |a article27 
958 |a NB  |2 spk 
958 |a OND 
958 |a EUIPO 
999 |c 2932964  |d 2934894